Datum a čas kvízu
23
Celkem bodů
Celkový počet nahraných bodů na tomto kvízu bez doplňovacích otázek.
5.
Pořadí na kvízu
Konečné umístění týmu na tomto kvízu.
Zaznamenané odpovědi
| # | Otázka | Odpověď | Body | Výsledky |
|---|---|---|---|---|
| 1. | V pátek se dostala do prodeje... | vlky | 0 | |
| 2. | Jak se jmenuje politik, který... | James Cameron | 1 | |
| 3. | Drony na Havaji zachytily neob... | barví se do růžova | 1 | |
| 4. | Největší slovenské knihkupectv... | Martinus | 0 | |
| 5. | Napište název nočního klubu v... | Belmondo | 1 | |
| 6. | Na začátek tématu a otázky si... | třetím | 1 | |
| 7. | Rozlohou třetí největší africk... | Malawi | 1 | |
| 8. | Seřaďte africké ostrovy v pořa... | 1A 2D 3C 4B | 0 | |
| 9. | Jak se jmenuje počtem obyvatel... | Lagos | 0 | |
| 10. | Afrika se trhá, od zbytku se o... | C | 1 |